التكملة و شرح الأبيات من ديوان أبي الطيب المتنبي / (رقم التسجيلة. 8753)

تفاصيل مارك
000 -LEADER
fixed length control field 00721nam a22002057a 4500
005 - DATE AND TIME OF LATEST TRANSACTION
control field 20251108164311.0
008 - FIXED-LENGTH DATA ELEMENTS--GENERAL INFORMATION
fixed length control field 250721s1995 xx 000 0 ara d
082 14 - DEWEY DECIMAL CLASSIFICATION NUMBER
Classification number 811.6/مغر
100 1# - MAIN ENTRY--PERSONAL NAME
Personal name المغربي، أبي علي الحسين
245 10 - TITLE STATEMENT
Title التكملة و شرح الأبيات من ديوان أبي الطيب المتنبي /
264 1# - PRODUCTION, PUBLICATION, DISTRIBUTION, MANUFACTURE, AND COPYRIGHT NOTICE
Place of production, publication, distribution, manufacture الكرك :
Name of producer, publisher, distributor, manufacturer دار عمار : جامعة مؤته،
Date of production, publication, distribution, manufacture, or copyright notice 1995.
300 ## - PHYSICAL DESCRIPTION
Extent ج
650 17 - SUBJECT ADDED ENTRY--TOPICAL TERM
Topical term or geographic name as entry element الشعر العربي
650 17 - SUBJECT ADDED ENTRY--TOPICAL TERM
Topical term or geographic name as entry element العصر العباسي
700 1# - ADDED ENTRY--PERSONAL NAME
Personal name أبو سويلم، أنور
Relator term تحقيق
700 1# - ADDED ENTRY--PERSONAL NAME
Personal name الجعافرة، ماجد
Relator term تحقيق
700 1# - ADDED ENTRY--PERSONAL NAME
Personal name الشوملي، علي
Relator term تحقيق
942 ## - ADDED ENTRY ELEMENTS (KOHA)
Source of classification or shelving scheme Dewey Decimal Classification
Koha item type كتب
المقتنيات
حالة السحب حالة الفقدان مصدر التصنيف حالة التلف غير قابل للإعارة المكتبة الرئيسية المكتبة الحالية موقع الرف تاريخ التزويد الرقم المتسلسل Total Checkouts رقم الإستدعاء الباركود تاريخ آخر ظهور تاريخ الفاتورة نوع المادة (كوها)
    Dewey Decimal Classification     المكتبة المركزية المكتبة المركزية الإعارة 06/07/2004 196340   811.6/مغر 196340 28/07/2025 06/07/2004 كتب
    Dewey Decimal Classification     المكتبة المركزية المكتبة المركزية الإعارة 06/07/2004 254803   811.6/مغر 254803 28/07/2025 06/07/2004 كتب
    Dewey Decimal Classification Unchecked   مكتبة الاميرة بديعة مكتبة الاميرة بديعة الإعارة 06/07/2004 4324   811.6/مغر   28/07/2025 06/07/2004 كتب
    Dewey Decimal Classification Unchecked   مكتبة الجويدة مكتبة الجويدة الإعارة 06/07/2004 3987   811.6/مغر   28/07/2025 06/07/2004 كتب
    Dewey Decimal Classification Unchecked   مكتبة صويلح العامة مكتبة صويلح العامة الإعارة 06/07/2004 8938   811.6/مغر   28/07/2025 06/07/2004 كتب
    Dewey Decimal Classification     مكتبة وادي السير العامة مكتبة وادي السير العامة الإعارة 10/04/2016 [4728]   811.6/مغر PLD00385503 28/07/2025 10/04/2016 كتب
Implemented & Customized by: BBB with SCIT (Smart Chains for Information Technology)

Powered by Koha